<?xml version="1.0" encoding="UTF-8"?><OAI-PMH xmlns="http://www.openarchives.org/OAI/2.0/" xmlns:xsi="http://www.w3.org/2001/XMLSchema-instance"     xsi:schemaLocation="http://www.openarchives.org/OAI/2.0/ http://www.openarchives.org/OAI/2.0/OAI-PMH.xsd"><responseDate>2026-05-15T20:00:15Z</responseDate><request verb="GetRecord" identifier="oai:regmurcia.com:fintegr.522" metadataPrefix="marc21">http://oai.regmurcia.com/oai2/oai2.php</request><GetRecord><record><header><identifier>oai:regmurcia.com:fintegr.522</identifier><datestamp>2026-05-15</datestamp><setSpec>documentos</setSpec></header><metadata><record  xmlns="http://www.loc.gov/MARC21/slim" xmlns:xsi="http://www.w3.org/2001/XMLSchema-instance" xsi:schemaLocation="http://www.loc.gov/MARC21/slim http://www.loc.gov/standards/marcxml/schema/MARC21slim.xsd" type="Bibliographic"><leader>00000nam a2200000   4500</leader><controlfield tag="001" >005072594</controlfield><controlfield tag="003" >522</controlfield><controlfield tag="004" >A00000000</controlfield><datafield tag="245" ind1=" " ind2=" "><subfield code="a">Carta abierta de Fernando IV al adelantado de Murcia, sobre el cobro de rotoba en el Reino de Murcia</subfield></datafield><datafield tag="300" ind1=" " ind2=" "><subfield code="c">221 x 280 mm.</subfield></datafield><datafield tag="351" ind1=" " ind2=" "><subfield code="a">Unidad Documental</subfield><subfield code="c">Archivo de Murcia. Array</subfield><subfield code="a">Unidad Documental</subfield><subfield code="c">Archivo de Murcia. Array</subfield></datafield><datafield tag="351" ind1=" " ind2=" "><subfield code="b">Nº 82</subfield></datafield><datafield tag="505" ind1=" " ind2=" "><subfield code="a">/codom/5/061.pdf</subfield></datafield><datafield tag="506" ind1=" " ind2=" "><subfield code="a">Acceso restringido</subfield></datafield><datafield tag="510" ind1=" " ind2=" "><subfield code="a">Pub. TORRES FONTES, JUAN. Documentos de Fernando IV.  Murcia: Academia Alfonso X El Sabio, 1.980, p. 66-67</subfield></datafield><datafield tag="520" ind1=" " ind2=" "><subfield code="a">Fernando IV ordena a Diego García, adelantado de Murcia, que revise las cartas existentes en el concejo de Murcia en las que Alfonso X ordena que no se tome rotoba indebidamente en determinados lugares del Reino de Murcia y que haga cumplir su mandato.</subfield></datafield><datafield tag="583" ind1=" " ind2=" "><subfield code="u">http://www.regmurcia.com/servlet/s.Sl?METHOD=VERDOCUMENTO&amp;sit=serv,Carmesi&amp;n=/01/2051/indice.djvu</subfield></datafield><datafield tag="592" ind1=" " ind2=" "><subfield code="a">1305-10-04</subfield></datafield><datafield tag="592" ind1=" " ind2=" "><subfield code="d">1305-10-04 00:00:00</subfield></datafield><datafield tag="651" ind1=" " ind2=" "><subfield code="a">Burgos</subfield></datafield><datafield tag="786" ind1=" " ind2=" "><subfield code="o">http://www.regmurcia.com/servlet/s.Sl?METHOD=VERDOCUMENTO&amp;sit=serv,Carmesi&amp;n=/01/2051/indice.djvu</subfield></datafield><datafield tag="856" ind1=" " ind2=" "><subfield code="u">http://www.regmurcia.com/servlet/s.Sl?METHOD=DETALLE&amp;sit=c,373,m,139,serv,Carmesi&amp;id=522</subfield></datafield></record></metadata></record></GetRecord></OAI-PMH>
